| 000 | 00403nam a22001697a 4500 | ||
|---|---|---|---|
| 005 | 20180727150800.0 | ||
| 008 | 160514b xxu||||| |||| 00| 0 eng d | ||
| 020 | _a978-81-367-2606-6 | ||
| 041 | _aeng | ||
| 082 |
_b2442 _a658.3 |
||
| 100 |
_aSingh, Kavita _91968 |
||
| 245 | _aOrganizational Behaviour | ||
| 260 |
_bPearsons _c2007 _adelhi |
||
| 300 | _a467p, | ||
| 650 |
_aManagement _9241 |
||
| 942 | _cBK | ||
| 999 |
_c873 _d873 |
||